书目信息 |
| 题名: |
搭地铁玩伦敦
|
|
| 作者: | 《搭地铁玩伦敦》编辑部编著 | |
| 分册: | ||
| 出版信息: | 桂林 广西师范大学出版社 2013 |
|
| 页数: | 203页 | |
| 开本: | 22cm | |
| 丛书名: | 搭地铁系列 | |
| 单 册: | ||
| 中图分类: | K956.19 | |
| 科图分类: | ||
| 主题词: | 导游--dao you--伦敦 | |
| 电子资源: | ||
| ISBN: | 978-7-5495-0403-9 | |
| 000 | 00883nam 2200265 450 | |
| 001 | 339505 | |
| 005 | 20150608152208.60 | |
| 010 | @a978-7-5495-0403-9@dCNY48.00 | |
| 100 | @a20110506d2011 em y0chiy50 ea | |
| 101 | 0 | @achi |
| 102 | @aCN@b450000 | |
| 105 | @aab z 001yy | |
| 106 | @ar | |
| 200 | 1 | @a搭地铁玩伦敦@Ada di tie wan lun dun@e2011-2012最新全彩版@d= London subway@f《搭地铁玩伦敦》编辑部编著@zeng |
| 210 | @a桂林@c广西师范大学出版社@d2013 | |
| 215 | @a203页@c彩图, 地图@d22cm | |
| 225 | 2 | @a搭地铁系列@Ada di tie xi lie |
| 320 | @a有索引 | |
| 330 | @a本书主要内容包括: 皮卡迪利广场 ; 考文特花园 ; 威斯敏斯特 ; 牛津广场 ; 高志街 ; 圣殿 ; 霍尔伯恩 ; 圣保罗 ; 利物浦街等。 | |
| 410 | 0 | @12001 @a搭地铁系列 |
| 510 | 1 | @aLondon subway@zeng |
| 606 | 0 | @a导游@Adao you@y伦敦 |
| 690 | @aK956.19@v5 | |
| 801 | 0 | @aCN@b卓展宏图@c20150525 |
| 905 | @dK956.19@e349@f4 | |
| 搭地铁玩伦敦:2011-2012最新全彩版= London subway/《搭地铁玩伦敦》编辑部编著.-桂林:广西师范大学出版社,2013 |
| 203页:彩图, 地图;22cm.-(搭地铁系列) |
| ISBN 978-7-5495-0403-9:CNY48.00 |
| 本书主要内容包括: 皮卡迪利广场 ; 考文特花园 ; 威斯敏斯特 ; 牛津广场 ; 高志街 ; 圣殿 ; 霍尔伯恩 ; 圣保罗 ; 利物浦街等。 |
| ● |
| 相关链接 |
|
|
|
|
正题名:搭地铁玩伦敦
索取号:K956.19/349
 
预约/预借
| 序号 | 登录号 | 条形码 | 馆藏地/架位号 | 状态 | 备注 |
| 1 | 858485 | 208584851 | 第二样本阅览室/ [索取号:K956.19/349] | 在馆 | |
| 2 | 858486 | 208584860 | 密集书库-资源管理系/ [索取号:K956.19/349] | 在馆 | |
| 3 | 858487 | 208584879 | 第二借阅区/ [索取号:K956.19/349] | 在馆 | |
| 4 | 858488 | 208584888 | 第二借阅区/ [索取号:K956.19/349] | 在馆 |